Zvyšování přepravní kvality železniční dopravy a jeho potenciální vliv na inkaso tržeb z přepravy cestujících

Podrobná bibliografia
Hlavný autor: Váchal, Miloslav (Autor)
Médium: Článok
Jazyk:čeština
slovenčina
Fyzický popis:Tb. 5., lit. 7 zázn. v češ., nem.
Predmet:

MARC

LEADER 00000nab a2200000 a 4500
001 vtls000416288
003 SK-MaSNL
005 20260302234808.0
008 160204c1989 xo 0 cze
015 |a SNBRA19rr/mm-uuuuu 
035 |a CL0416413 
040 |a SNKBUCL  |b slo  |c SNKBUCL  |e AACR2 
041 0 |a slo 
044 |a xo  |c SK 
080 |a 656.2.025.2:65.011  |2 1981 
080 |a 65.011  |2 1981 
100 1 |a Váchal, Miloslav  |4 aut  |9 970590 
245 1 0 |a Zvyšování přepravní kvality železniční dopravy a jeho potenciální vliv na inkaso tržeb z přepravy cestujících  |c Miloslav Váchal 
300 |b Tb. 5., lit. 7 zázn. v češ., nem. 
650 0 7 |a doprava železničná osobná  |2 snkbucl  |9 298435 
655 7 |a články zo zborníkov  |2 snkbucl  |9 166140 
773 0 |t Zvyšovanie kvality osobnej dopravy  |d Žilina : Dom techniky ČSVTS, 1989  |g S. 106-116 
850 |a Slovenská národná knižnica v Martine  |a MTA001 
852 |a SNK  |b KIS3GCP 
958 |a NB 
958 |a RK 
958 |a CZ 
992 |a RZB 
999 |c 1551997  |d 1553927